| 000 | 00719nam a2200193Ia 4500 | ||
|---|---|---|---|
| 003 | 0 | ||
| 005 | 20250130110546.0 | ||
| 008 | 150126s9999 xx 000 0 und d | ||
| 050 |
_aPHS TP 245.C6 _b.J83 2014 |
||
| 100 | _aJose, Kyle Joshua F. | ||
| 245 | 4 |
_aThe use of activated carbon as a substitute for wound dressing / _cKyle Joshua F. Jose. |
|
| 260 |
_aLas PiƱas City, Philippines : _bSouthville International School and Colleges, _c2014. |
||
| 300 |
_a31 pages : _billustration ; _c28 cm. |
||
| 504 | _aIncludes bibliographical references. | ||
| 650 |
_aActivated carbon _vMedical applications. |
||
| 650 |
_aWound dressings _vAlternative materials. |
||
| 650 |
_aBiomaterials _vWound care. |
||
| 942 |
_2lcc _cPASS |
||
| 999 |
_c278691 _d278691 |
||